000 00518nam a2200217Ia 4500
005 20250425162140.0
008 250425s9999 xx 000 0 und d
020 _a9978427384
041 _aspa
082 _a657.61
100 _aCAZAR MONCAYO, MIGUEL
245 0 _aMANUAL GENERAL DE CONTABILIDAD GUBERNAMENTAL
250 _a1A ED.
260 _aEcuador
_bEDIESPE
_c2003
260 _aQUITO
300 _a288
650 _aCONTABILIDAD PUBLICA
650 _aPRESUPUESTO
942 _c01
010 _a52981
999 _c223292
_d223292